Score 0/11 Timer 03:00
11 Plays Today
% Correct
Abuela
Grandmother
87.8%
Padre
Father
87.3%
Madre
Mother
85.8%
Abuelo
Grandfather
85.5%
Tía
Aunt
83.5%
Tío
Uncle
82.3%
Prima
Cousin
76.2%
Primo
Cousin
75.9%
Esposa
Wife
75.8%
Hermana
Sister
73.9%
Hijo
Son
72.5%
Remove Ads.
Support Sporcle.
Get the best of Sporcle when you Go Orange. This ad-free experience offers more features, more stats, and more fun while also helping to support Sporcle. Thank you for becoming a member.

You're not logged in!

Compare scores with friends on all Sporcle quizzes.
OR
Log In

Show Comments

Extras

Top Quizzes Today


Score Distribution

Your Account Isn't Verified!

In order to create a playlist on Sporcle, you need to verify the email address you used during registration. Go to your Sporcle Settings to finish the process.

Report this User

Report this user for behavior that violates our Community Guidelines.

Details: